Chinese History 101 Quiz #3 - Statistics

General Stats
  • This quiz has been taken 68 times
  • The average score is 6 of 10
Answer Stats
Question Answer % Correct
In which battle was Cao Cao defeated by the alliance of Sun Quan and Liu Bei? Battle of Red Cliffs
100%
Why did the emperor of Northern Wei change his surname? As part of Sinicisation policy (assimulation to the Han Chinese culture)
77%
Where did Liu Bei establish the kingdom of Shu Han? Chengdu
69%
Which city was besieged by Hou Jing during the Southern Liang dynasty? Jiankang (now Nanjing)
69%
In which battle was the army of Former Qin defeated in a stampede of retreating soldiers? Battle of Fei River
62%
Which Liu Bei's general became a deity in Taoism, worshipped by criminals and police nowadays? Guan Yu
62%
What does the metaphor "chicken ribs" mean? Useless things that people hang on to
62%
Which ethnic group ruled the Northern dynasties during the Northern and Southern Dynasties period? Xianbei
54%
How many kingdoms were there in Northern China ruled by the Five Barbarians during the Eastern Jin dynasty? 16
31%
The emperors of Western Jin were captured by which nomadic tribe? Xiongnu
31%
No matching quizzes found
Score Distribution
Percent of People with Each Score
Percentile by Number Answered
Your Score History
You have not taken this quiz